| 000 | 00455nam a2200181 a 4500 | ||
|---|---|---|---|
| 001 | 0080 | ||
| 005 | 20140414131926.0 | ||
| 008 | 040728s19uu xx 00 eng d | ||
| 020 | _a0-7105-1227-9 | ||
| 050 |
_aER _bT59 |
||
| 245 | _aTommy and Tiger. | ||
| 260 |
_aEngland : _bPeter Haddock, _c[n.d.] |
||
| 300 | _a1 v. : ill. ; cm. | ||
| 440 | _aA Water Game Board Book | ||
| 650 |
_aTiger _xFiction. |
||
| 650 | _aChildren stories. | ||
| 999 |
_c112037 _d112037 |
||